[Event "V Miedzynarodowy Tur. Szachowy im. Jana "]
[Site "Lublin"]
[Date "2013.??.??"]
[Round "8.1"]
[White "Stoma, Pawel"]
[Black "Krzyzanowski, Wojciech"]
[Result "1-0"]
[WhiteElo "2311"]
[BlackElo "1955"]
[PlyCount "65"]
[EventDate "2013.??.??"]

1. e4 e5 2. Nf3 Nc6 3. Bb5 a6 4. Ba4 Nf6 5. d3 d6 6. c3 g6 7. O-O Bg7 8. h3 O-O
9. Be3 b5 10. Bc2 Bb7 11. Nbd2 Nb8 12. a4 c5 13. d4 Nbd7 14. d5 Nh5 15. Qe2 c4
16. Rfb1 Nf4 17. Qf1 Nc5 18. b3 cxb3 19. Bxb3 Qc7 20. axb5 axb5 21. g3 Rxa1 22.
Rxa1 Nxb3 23. Nxb3 Qxc3 24. Qxb5 Bc8 25. gxf4 exf4 26. Rc1 Ba6 27. Rxc3 Bxb5
28. Bd4 Re8 29. Bxg7 Kxg7 30. Nbd4 Bd7 31. Rc7 Bxh3 32. Ng5 Kf6 33. Ndf3 1-0

[Event "V Miedzynarodowy Tur. Szachowy im. Jana "]
[Site "Lublin"]
[Date "2013.??.??"]
[Round "8.2"]
[White "Praszak, Michal"]
[Black "Barski, Radoslaw"]
[Result "0-1"]
[WhiteElo "2118"]
[BlackElo "2247"]
[PlyCount "45"]
[EventDate "2013.??.??"]

1. d4 Nf6 2. c4 g6 3. Nc3 Bg7 4. e4 d6 5. Nf3 O-O 6. h3 Na6 7. Bg5 Qe8 8. Bd3
e5 9. d5 Nh5 10. g3 f5 11. Ng1 Qf7 12. Qe2 b6 13. Bd2 Nc5 14. Bc2 a5 15. Rh2
Bd7 16. O-O-O a4 17. Rg2 f4 18. Qe1 a3 19. b3 c6 20. Rh2 Rfb8 21. g4 Nf6 22. f3
b5 23. cxb5 0-1

[Event "V Miedzynarodowy Tur. Szachowy im. Jana "]
[Site "Lublin"]
[Date "2013.??.??"]
[Round "8.3"]
[White "Polkowski, Piotr"]
[Black "Pikulinski, Janusz"]
[Result "1-0"]
[WhiteElo "2182"]
[BlackElo "1894"]
[PlyCount "46"]
[EventDate "2013.??.??"]

1. e4 e5 2. Nc3 Nc6 3. Bc4 Nf6 4. d3 h6 5. Nge2 Bc5 6. O-O d6 7. Na4 Bb6 8.
Nxb6 axb6 9. c3 Na5 10. Bb5+ Bd7 11. Bxd7+ Qxd7 12. f4 Nc6 13. Ng3 Ne7 14. h3
Rg8 15. Kh2 O-O-O 16. c4 Qe6 17. a4 exf4 18. Bxf4 g5 19. Bd2 g4 20. Bc3 Rg6 21.
h4 Nfg8 22. a5 bxa5 23. Rxa5 c5 1-0

[Event "V Miedzynarodowy Tur. Szachowy im. Jana "]
[Site "Lublin"]
[Date "2013.??.??"]
[Round "8.5"]
[White "Bien, Janusz"]
[Black "Kaluszynski, Andrzej"]
[Result "1-0"]
[WhiteElo "1972"]
[BlackElo "1876"]
[PlyCount "55"]
[EventDate "2013.??.??"]

1. e4 e5 2. Bc4 Bc5 3. Nf3 Nc6 4. d3 Nf6 5. O-O O-O 6. Bg5 h6 7. Bh4 d6 8. c3
Bb6 9. Nbd2 Be6 10. b4 a6 11. Qb3 Qc8 12. Bxf6 gxf6 13. Nh4 Kh7 14. Kh1 Ne7 15.
Rae1 c6 16. Bxe6 Qxe6 17. Nc4 Ba7 18. Qd1 d5 19. Ne3 Rg8 20. Nef5 dxe4 21. Nxe7
Qxe7 22. dxe4 Rad8 23. Qe2 Bb8 24. Nf5 Qe6 25. Rd1 Bc7 26. Rxd8 Bxd8 27. Qd2
Rg6 28. Qxd8 1-0

[Event "V Miedzynarodowy Tur. Szachowy im. Jana "]
[Site "Lublin"]
[Date "2013.??.??"]
[Round "8.6"]
[White "Siedlanowski, Lukasz"]
[Black "Berlin, Tatiana"]
[Result "1-0"]
[WhiteElo "1924"]
[BlackElo "2152"]
[PlyCount "93"]
[EventDate "2013.??.??"]

1. d4 Nf6 2. Nc3 d6 3. e4 Nbd7 4. Nf3 e5 5. Bc4 exd4 6. Qxd4 h6 7. h3 Be7 8.
Bf4 O-O 9. O-O-O a6 10. a4 c5 11. Qd3 b5 12. axb5 Nb6 13. e5 dxe5 14. Nxe5 Nxc4
15. Qxc4 axb5 16. Qxb5 Ra1+ 17. Nb1 Ba6 18. Rxd8 Bxb5 19. Rxf8+ Kxf8 20. Rd1
Ne4 21. f3 Ng5 22. b3 Ne6 23. Be3 g5 24. c4 Be8 25. Kb2 Ra7 26. g3 Kg7 27. Nc3
f6 28. Nd3 Rb7 29. Ne4 Rc7 30. g4 Bg6 31. Ndf2 f5 32. gxf5 Bxf5 33. Rd5 Kg6 34.
Ng3 Ng7 35. Nxf5 Nxf5 36. Bd2 Nd4 37. f4 gxf4 38. Nd3 f3 39. Bc3 Bf6 40. b4 Re7
41. bxc5 Re2+ 42. Kb1 Ne6 43. Ba5 f2 44. Nxf2 Rxf2 45. c6 Nd4 46. c7 Nb3 47.
Bd2 1-0

[Event "V Miedzynarodowy Tur. Szachowy im. Jana "]
[Site "Lublin"]
[Date "2013.??.??"]
[Round "8.7"]
[White "Flisiak, Piotr"]
[Black "Chwalewski, Marek"]
[Result "1-0"]
[WhiteElo "1704"]
[BlackElo "1950"]
[PlyCount "51"]
[EventDate "2013.??.??"]

1. c4 g6 2. Nf3 c6 3. Nc3 Bg7 4. e4 e5 5. d4 exd4 6. Nxd4 Ne7 7. Be2 d5 8. exd5
cxd5 9. cxd5 Nxd5 10. Bb5+ Kf8 11. O-O Nxc3 12. bxc3 Kg8 13. Re1 Bd7 14. Bc4
Nc6 15. Qf3 Qf6 16. Qd5 Nxd4 17. Qxd7 Nc6 18. Bg5 Qf5 19. Re8+ Bf8 20. Qxf5
gxf5 21. Rxa8 Kg7 22. Re1 Bd6 23. Rxh8 Kxh8 24. Bf6+ Kg8 25. Re8+ Bf8 26. Bd5
1-0

[Event "V Miedzynarodowy Tur. Szachowy im. Jana "]
[Site "Lublin"]
[Date "2013.??.??"]
[Round "8.8"]
[White "Fraczek, Weronika"]
[Black "Krasowski, Piotr"]
[Result "1/2-1/2"]
[WhiteElo "1516"]
[BlackElo "1830"]
[PlyCount "25"]
[EventDate "2013.??.??"]

1. e4 b6 2. d4 Bb7 3. Nc3 e6 4. Nf3 Nf6 5. e5 Ne4 6. Nxe4 Bxe4 7. Bd3 Bb7 8.
O-O Be7 9. c3 h6 10. Nd2 c5 11. Ne4 cxd4 12. cxd4 Nc6 13. Be3 1/2-1/2

[Event "V Miedzynarodowy Tur. Szachowy im. Jana "]
[Site "Lublin"]
[Date "2013.??.??"]
[Round "8.10"]
[White "Pszczola, Szymon"]
[Black "Starczewski, Dominik"]
[Result "0-1"]
[WhiteElo "1234"]
[BlackElo "1585"]
[PlyCount "52"]
[EventDate "2013.??.??"]

1. e4 Nc6 2. d4 e5 3. c3 exd4 4. cxd4 d5 5. e5 Bf5 6. Nc3 Bb4 7. Nge2 Nge7 8.
a3 Ba5 9. Be3 a6 10. b4 Bb6 11. Na4 Ba7 12. Nc5 Qc8 13. Nc3 O-O 14. Bd3 Rd8 15.
O-O a5 16. b5 Bxc5 17. bxc6 Nxc6 18. Bxf5 Qxf5 19. dxc5 d4 20. Bxd4 Nxd4 21.
Qb1 Qxe5 22. Qxb7 Qxc5 23. Rac1 Rab8 24. Qe4 Nb3 25. Ne2 Nxc1 26. Rxc1 Qxc1+
0-1

[Event "V Miedzynarodowy Tur. Szachowy im. Jana "]
[Site "Lublin"]
[Date "2013.??.??"]
[Round "8.12"]
[White "Paluch, Andrzej"]
[Black "Modrzejewski, Tymoteusz"]
[Result "1-0"]
[WhiteElo "1548"]
[BlackElo "1551"]
[PlyCount "59"]
[EventDate "2013.??.??"]

1. d4 c6 2. c4 d5 3. Nc3 Nf6 4. e3 Bf5 5. Qb3 Qd7 6. cxd5 Nxd5 7. Nxd5 cxd5 8.
Bb5 Nc6 9. Nf3 f6 10. O-O a6 11. Be2 e6 12. Nh4 Bg6 13. Nxg6 hxg6 14. Bd3 Kf7
15. Qc2 f5 16. f3 Bd6 17. g3 Rac8 18. Qf2 Qc7 19. e4 dxe4 20. fxe4 Nxd4 21. Be3
Nc6 22. Bc4 Rh3 23. exf5 Rch8 24. fxe6+ Ke8 25. Qf7+ Qxf7 26. exf7+ Kf8 27. Rf2
Ne5 28. Bf4 Bc5 29. Bxe5 Bxf2+ 30. Kxf2 1-0

[Event "V Miedzynarodowy Tur. Szachowy im. Jana "]
[Site "Lublin"]
[Date "2013.??.??"]
[Round "9.1"]
[White "Siedlanowski, Lukasz"]
[Black "Stoma, Pawel"]
[Result "1/2-1/2"]
[WhiteElo "1924"]
[BlackElo "2311"]
[PlyCount "25"]
[EventDate "2013.??.??"]

1. e4 d5 2. exd5 Qxd5 3. Nf3 g6 4. d4 Bg7 5. Be2 Qa5+ 6. c3 Nf6 7. O-O O-O 8.
Na3 c6 9. Ne5 Nbd7 10. Nac4 Qd8 11. f4 Nb6 12. Qe1 Be6 13. b3 1/2-1/2

[Event "V Miedzynarodowy Tur. Szachowy im. Jana "]
[Site "Lublin"]
[Date "2013.??.??"]
[Round "9.5"]
[White "Krzyzanowski, Wojciech"]
[Black "Topolan, Pawel"]
[Result "1-0"]
[WhiteElo "1955"]
[BlackElo "1415"]
[PlyCount "35"]
[EventDate "2013.??.??"]

1. d4 Nf6 2. c4 g6 3. Nc3 Bg7 4. e4 d6 5. Nf3 c6 6. Be2 Qc7 7. h3 e5 8. d5 Nbd7
9. Be3 O-O 10. Nd2 Ne8 11. g4 Nb6 12. g5 f5 13. gxf6 Nxf6 14. Qb3 cxd5 15. cxd5
Nbd7 16. Nb5 Nc5 17. Nxc7 Nxb3 18. axb3 1-0